Online katalóg knižníc regiónu Turca

Kráľovský dar (Record no. 22441)

MARC details
000 -LEADER
fixed length control field 01137cam a2200373 a 4500
001 - CONTROL NUMBER
control field 22441
003 - CONTROL NUMBER IDENTIFIER
control field SK-KTurca
005 - DATE AND TIME OF LATEST TRANSACTION
control field 20260328120253.0
008 - FIXED-LENGTH DATA ELEMENTS--GENERAL INFORMATION
fixed length control field 220509s2002 xo gr 0000f slo
015 ## - NATIONAL BIBLIOGRAPHY NUMBER
National bibliography number SNBA2004/03-02233
020 ## - INTERNATIONAL STANDARD BOOK NUMBER
International Standard Book Number 8055103895
035 ## - SYSTEM CONTROL NUMBER
System control number SNK000398334
035 ## - SYSTEM CONTROL NUMBER
System control number urn:nbn:sk:snk-am3j0a3
035 ## - SYSTEM CONTROL NUMBER
System control number 76BEE369-B894-4A80-A861-1A0A63EECB46
035 ## - SYSTEM CONTROL NUMBER
System control number urn:nbn:sk:snk-am00ghgm
040 ## - CATALOGING SOURCE
Original cataloging agency SNK
Language of cataloging slo
Transcribing agency SNK
Description conventions AACR2
041 1# - LANGUAGE CODE
Language code of text/sound track or separate title slo
Language code of original eng
044 ## - COUNTRY OF PUBLISHING/PRODUCING ENTITY CODE
MARC country code xo
ISO country code SK
072 #7 - SUBJECT CATEGORY CODE
Subject category code 821.111(73)-3
Subject category code subdivision Americká próza
Source konspekt
080 ## - UNIVERSAL DECIMAL CLASSIFICATION NUMBER
Universal Decimal Classification number 821.111 (73)-3
Edition identifier 1997
080 ## - UNIVERSAL DECIMAL CLASSIFICATION NUMBER
Universal Decimal Classification number 821.111(73)-31
Edition identifier 1997
080 ## - UNIVERSAL DECIMAL CLASSIFICATION NUMBER
Universal Decimal Classification number 821.111(73)-31
Edition identifier 2011
080 ## - UNIVERSAL DECIMAL CLASSIFICATION NUMBER
Universal Decimal Classification number (0:82-312.5)
Edition identifier 2011
100 1# - MAIN ENTRY--PERSONAL NAME
Personal name Garwood, Julie,
Dates associated with a name 1946-
Relationship aut
240 14 - UNIFORM TITLE
Uniform title The gift
Language of a work Slovensky
245 10 - TITLE STATEMENT
Title Kráľovský dar
Statement of responsibility, etc. Julie Garwoodová ; [z anglického originálu The gift preložila Jana Puškárová]
250 ## - EDITION STATEMENT
Edition statement 1. vyd.
260 ## - PUBLICATION, DISTRIBUTION, ETC.
Place of publication, distribution, etc. Bratislava
Name of publisher, distributor, etc. Ikar
Date of publication, distribution, etc. 2002
300 ## - PHYSICAL DESCRIPTION
Extent 311 strán
Dimensions 21 cm
655 #7 - INDEX TERM--GENRE/FORM
Genre/form data or focus term americké romány
Source of term SNKPH
655 #7 - INDEX TERM--GENRE/FORM
Genre/form data or focus term ľúbostné romány
Source of term SNKPH
700 1# - ADDED ENTRY--PERSONAL NAME
Personal name Puškárová, Jana
Relationship trl
942 ## - ADDED ENTRY ELEMENTS (KOHA)
Source of classification or shelving scheme Dewey Decimal Classification
Koha item type Krásna literatúra pre dospelých
Suppress in OPAC No
Holdings
Stav vyradenia Strata Poškodenie Spôsob nadobudnutia Domovská knižnica Aktuálna knižnica Dátum nadobudnutia Total checkouts Čiarový kód exemplára Date last seen Typ exemplára
      Dar Obecná knižnica Horná Štubňa Obecná knižnica Horná Štubňa 28.03.2026   9788055103891 28.03.2026 Krásna literatúra pre dospelých
Projekt je podporený Slovenskou asociáciou knižníc
Prevádzkuje Turčianska knižnica Martin 2026